000 03426cam a2200361 4500500
005 20260201061642.0
041 _afre
042 _adc
100 1 0 _aJacquiet, Philippe
_eauthor
700 1 0 _aAldebert, Alix
_eauthor
700 1 0 _aDe Cherade de Monbron, Delphine
_eauthor
700 1 0 _aGrisez, Christelle
_eauthor
700 1 0 _aPrévot, Françoise
_eauthor
700 1 0 _aPiquemal, Frédéric
_eauthor
700 1 0 _aGajan, Jean-Pierre
_eauthor
700 1 0 _aJouhet, Emeric
_eauthor
700 1 0 _aPetermann, Julie
_eauthor
245 0 0 _aEst-il possible d’élever des génisses de race Gasconne des Pyrénées au pâturage sans aucun traitement strongylicide ?
260 _c2026.
500 _a13
520 _aDans la plupart des systèmes d’élevage de génisses au pâturage, un ou plusieurs traitements à activité strongylicide sont administrés, a minima, chez les génisses de première saison de pâture. Pourtant, dans les systèmes d’élevage de bovins de race Gasconne des Pyrénées du piémont pyrénéen, une partie des éleveurs n’utilise jamais de traitement antiparasitaire strongylicide sur leurs génisses. Afin de mieux comprendre ces situations, une étude de quatre cohortes de génisses de race Gasconne des Pyrénées de première et de seconde saison de pâture a été réalisée à la station de sélection PEPIRAG entre 2018 et 2021. En dépit d’infestations parasitaires confirmées par des analyses coprologiques individuelles et des dosages de pepsinogène sanguin ou d’anticorps anti-O. ostertagi, les génisses de première comme de seconde saisons de pâture ont présenté des croissances conformes à ce qui est attendu dans la race, en l’absence de tout traitement antiparasitaire. Il est donc possible, avec des races rustiques menées dans leur système d’élevage traditionnel, d’élever des génisses sans aucun intrant chimique.
520 _aIn most grazing heifer rearing systems, one or more strongylicide treatments are administered, at least to heifers in their first grazing season. However, in Gasconne des Pyrénées cattle breeding systems in the Pyrenean foothills, many farmers never use strongylicide antiparasitic treatment on their heifers. In order to better understand these situations, a study of four cohorts of Gasconne des Pyrénées heifers in their first and second grazing seasons was carried out at the PEPIRAG selection station between 2018 and 2021. Despite gastrointestinal nematode infections, confirmed by individual faecal egg counts and blood pepsinogen or anti-O. ostertagi antibody tests, heifers in both their first and second grazing seasons showed growth rates in line with what is expected for the breed, without any antiparasitic treatment. It is therefore possible, with hardy breeds raised in their traditional farming system, to rear heifers without any chemical inputs.
690 _aGasconne des Pyrénées
690 _agénisses
690 _astrongles digestifs
690 _atraitement strongylicide
690 _aanthelmintics
690 _aGasconne des Pyrénées
690 _agastrointestinal strongyles
690 _aheifers
786 0 _nLe Nouveau Praticien Vétérinaire - Élevage & santé | 17 | 2 | 2026-01-06 | p. 32-41 | 1777-7232
856 4 1 _uhttps://stm.cairn.info/revue-le-nouveau-praticien-veterinaire-elevage-sante-2025-2-page-32?lang=fr&redirect-ssocas=7080
999 _c1639686
_d1639686